000
00307nam a22001337a 4500
008
170308b xxu||||| |||| 00| 0 eng d
020
_a
9780805375893
041
_a
eng
080
_2
6TH
_a
611
100
_a
6
101
_a
SHM
245
_a
LABORATORY EXPERIMENTS IN MICROBIOLOGY
_c
JOHNSON
942
_2
udc
_c
BK
999
_c
7237
_d
7237